| 000 | 00732cam a2200241 4500 | ||
|---|---|---|---|
| 001 | B1903 | ||
| 008 | 090401t1988 xxu||||| |||| 00| 0 eng d | ||
| 035 | _a(Sirsi) u46974 | ||
| 041 | _aeng | ||
| 050 | _a692.5 | ||
| 110 |
_aUnited Kingdom _bProperty Services Agency _91138 |
||
| 245 | _aSMM7 library of standard descriptions | ||
| 260 |
_aLondon _bHMSO _c1988 |
||
| 300 | _a2v.(loose-leaf) ; 31cm. | ||
| 350 | _a250 | ||
| 490 | _aCo-ordinated Project Information | ||
| 520 | _aUpdated. | ||
| 650 | _aBUILT ENVIRONMENT-QUANTITY SURVEYING-STANDARD METHOD OF MEASUREMENT | ||
| 710 |
_aBuilding Employers Confederation _91705 |
||
| 710 |
_aRoyal Institution of Chartered Surveyors _94900 |
||
| 942 | _n0 | ||
| 948 | _c04/03/1997 | ||
| 999 |
_c92057 _d92057 |
||